000 00469nam a22001812 4500
001 0000005553
005 20151217160106.0
008 070618s xx 000 0 eng d
040 _aKABU
_cKABU
050 0 _aPZ7
_b.M6H37
100 1 _aMorara, Anderea.
_@0000156818
245 1 0 _aHare and her lazy friends.
260 _aNairobi :
_bEAEP,
_c1989.
300 _a19 p.
908 _a070618
950 _@1
999 _c14121
_d14121